MARC details
| 000 -CABECERA |
| campo de control de longitud fija |
01916nam a2200337 i 4500 |
| 001 - NÚMERO DE CONTROL |
| campo de control |
000045902 |
| 003 - IDENTIFICADOR DEL NÚMERO DE CONTROL |
| campo de control |
DO-SdBNP |
| 005 - FECHA Y HORA DE LA ÚLTIMA TRANSACCIÓN |
| campo de control |
20260220093355.0 |
| 007 - CAMPO FIJO DE DESCRIPCIÓN FÍSICA--INFORMACIÓN GENERAL |
| campo de control de longitud fija |
ta |
| 008 - DATOS DE LONGITUD FIJA--INFORMACIÓN GENERAL |
| campo de control de longitud fija |
150526s2015 dr a 000 0dspa d |
| 040 ## - FUENTE DE LA CATALOGACIÓN |
| Centro catalogador/agencia de origen |
DO-SdBNP |
| Lengua de catalogación |
spa |
| Centro/agencia transcriptor |
BNPHU |
| Normas de descripción |
rda |
| 041 ## - CÓDIGO DE LENGUA |
| Código de lengua original |
spa |
| 082 #4 - NÚMERO DE LA CLASIFICACIÓN DECIMAL DEWEY |
| Número de clasificación |
248.4 |
| Número de documento/Ítem |
B533g |
| Número de edición |
22 |
| 100 1# - ENTRADA PRINCIPAL--NOMBRE DE PERSONA |
| Nombre de persona |
Berroa Bello, Alejandro, |
| Fechas asociadas al nombre |
1971- |
| Término indicativo de función/relación |
autor |
| Código de función/relación |
aut. |
| 9 (RLIN) |
73967 |
| 245 10 - MENCIÓN DE TÍTULO |
| Título |
Grandes razones para vivir / |
| Mención de responsabilidad, etc. |
Alejandro Berroa Bello ; prólogo, María Rosa Montisano. |
| 264 #1 - PRODUCCIÓN, PUBLICACIÓN, DISTRIBUCIÓN, FABRICACIÓN Y COPYRIGHT |
| Producción, publicación, distribución, fabricación y copyright |
Santo Domingo : |
| Nombre del de productor, editor, distribuidor, fabricante |
Amigo del hogar, |
| Fecha de producción, publicación, distribución, fabricación o copyright |
2015. |
| 300 ## - DESCRIPCIÓN FÍSICA |
| Extensión |
170 páginas : |
| Otras características físicas |
ilustraciones ; |
| Dimensiones |
21 cm. |
| 336 ## - TIPO DE CONTENIDO |
| Término de tipo de contenido |
texto |
| Código de tipo de contenido |
txt |
| Fuente |
rdacontent |
| 337 ## - TIPO DE MEDIO |
| Nombre/término del tipo de medio |
sin mediación |
| Código del tipo de medio |
n |
| Fuente |
rdamedia |
| 338 ## - TIPO DE SOPORTE |
| Nombre/término del tipo de soporte |
volumen |
| Código del tipo de soporte |
nc |
| Fuente |
rdacarrier |
| 500 ## - NOTA GENERAL |
| Nota general |
Incluye datos biográficos del autor en la solapa de la cubierta. |
| 505 1# - NOTA DE CONTENIDO CON FORMATO |
| Nota de contenido con formato |
Dedicatoria.-- |
| Título |
Agradecimento.-- |
| -- |
Prólogo.-- |
| -- |
Voces.-- |
| -- |
I.- Punto de partida : |
| Identificador Uniforme del Recurso |
<a href="El hombre dolor.">El hombre dolor.</a> |
| Título |
II.- Primera razón para vivir : |
| Identificador Uniforme del Recurso |
<a href="Tu vida es un don de Dios.-">Tu vida es un don de Dios.-</a> |
| Título |
III.- Segunda razón para vivir : |
| Identificador Uniforme del Recurso |
<a href="Tu familia no quiere perderte.-">Tu familia no quiere perderte.-</a> |
| Título |
IV.- Tercera razón para vivir : |
| Identificador Uniforme del Recurso |
<a href="Tú puedes superarlo">Tú puedes superarlo</a> |
| Título |
V.- Cuarta razón para vivir : |
| Identificador Uniforme del Recurso |
<a href="Tu país cuenta contigo.-">Tu país cuenta contigo.-</a> |
| Título |
VI.- Quinta razón para vivir : |
| Identificador Uniforme del Recurso |
<a href="Tu gente necesita de tí.-">Tu gente necesita de tí.-</a> |
| Título |
VII.- Sexta razón para vivir : |
| Identificador Uniforme del Recurso |
<a href="La naturaleza quiere hablarte.-">La naturaleza quiere hablarte.-</a> |
| Título |
VIII.- Séptima razón para vivir : |
| Identificador Uniforme del Recurso |
<a href="Tus amigos vendrán a verte.-">Tus amigos vendrán a verte.-</a> |
| Título |
IX.- Octava razón para vivir : |
| Identificador Uniforme del Recurso |
<a href="La convivencia te hará bien.-">La convivencia te hará bien.-</a> |
| Título |
X.- Novena razón para vivir : |
| Identificador Uniforme del Recurso |
<a href="Tu historia apenas comienza.-">Tu historia apenas comienza.-</a> |
| Título |
XI.- Décima razón para vivir : |
| Identificador Uniforme del Recurso |
<a href="Dios sigue ahí.">Dios sigue ahí.</a> |
| 590 ## - NOTA LOCAL (RLIN) |
| Nota local |
La biblioteca posee tres (3) ejemplares autografíados por el autor. |
| 590 ## - NOTA LOCAL (RLIN) |
| Nota local |
Inventariado, 2021/MFF |
| 650 #4 - PUNTO DE ACCESO ADICIONAL DE MATERIA--TÉRMINO DE MATERIA |
| Término de materia o nombre geográfico como elemento de entrada |
Vida espiritual |
| 9 (RLIN) |
268 |
| 650 #4 - PUNTO DE ACCESO ADICIONAL DE MATERIA--TÉRMINO DE MATERIA |
| Término de materia o nombre geográfico como elemento de entrada |
Superación personal |
| 9 (RLIN) |
10825 |
| 650 #7 - PUNTO DE ACCESO ADICIONAL DE MATERIA--TÉRMINO DE MATERIA |
| Término de materia o nombre geográfico como elemento de entrada |
Conducta de vida |
| Fuente del encabezamiento o término |
LIBRUNAM |
| 9 (RLIN) |
11947 |
| 700 1# - PUNTO DE ACCESO ADICIONAL--NOMBRE DE PERSONA |
| Nombre de persona |
Montisano, María Rosa, |
| Término indicativo de función/relación |
prologuista |
| Código de función/relación |
pr. |
| 9 (RLIN) |
78380 |
| 910 ## - DATOS DE OPCIÓN DEL USUARIO (OCLC) |
| Datos de opción del usuario |
Validado. Control de calidad MFF |
| 942 ## - ELEMENTOS DE PUNTO DE ACCESO ADICIONAL (KOHA) |
| Fuente del sistema de clasificación o colocación |
Dewey Decimal Classification |
| Tipo de ítem Koha |
Libro |